Gender issues in water and sanitation programmes : (Record no. 91245)

MARC details
000 -LEADER
fixed length control field 02857nam a22002537a 4500
010 ## - LCCN (DPL NO)
LC control number ENG-112100
020 ## - INTERNATIONAL STANDARD BOOK NUMBER
International Standard Book Number 9789351500650
Terms of availability 995.00
035 ## - SYSTEM CONTROL NUMBER
System control number EN-95632
037 ## - SOURCE OF ACQUISITION
Source of stock number/acquisition DBAD/PUB
082 ## - DEWEY DECIMAL CLASSIFICATION NUMBER
Classification number 363.610820954
245 ## - TITLE STATEMENT
Title Gender issues in water and sanitation programmes :
Statement of responsibility, etc edited by Aidan A. Cronin, Pradeep K. Mehta [and] Anjal Prakash
Remainder of title lessons from India /
260 ## - PUBLICATION, DISTRIBUTION, ETC. (IMPRINT)
Place of publication, distribution, etc New Delhi
Name of publisher, distributor, etc Sage Publications
Date of publication, distribution, etc 2015
270 ## - ADDRESS
Address B1/I-1, Mohan Cooperative Industrial Area, Mathura Road,
City New Delhi
Postal code 110044
300 ## - PHYSICAL DESCRIPTION
Extent xviii,321p.
Dimensions 23cm(Hb)
500 ## - GENERAL NOTE
General note Includes bibliographical references and index.
505 ## - FORMATTED CONTENTS NOTE
Formatted contents note Foreword / by Joke Muylwijk -- Introduction: achieving the desired gender outcome in water and sanitation / Anjal Prakash, Aidan Cronin and Pradeep K. Mehta -- Conceptual underpinning -- Accelerating gender outcomes : the wash sector / Sunetra Lala, Malika Basu, Jyotsna and Aidan Cronin -- Women and water: vulnerability from water shortages / Yusuf Kabir, Niranjan Vedantam and M. Dinesh Kumar -- Crossing boundaries : gender and IWRM in education and research / Anjal Prakash and Chanda Gurung Goodrich -- Gender and wash: capacity-building initiatives / Swati Sinha -- Case studies: water -- Gender issues in watershed management / Suhas P. Wani , Anantha K.H., Sreedevi, T.K -- Gender and governance : a case of Jalswarajya project / Aditya Bastola -- Unleashing the gender differentials in water management : the rural milieu / Pradeep K. Mehta and Niti Saxena -- The high fluoride burden and tribal women : occurrence and remedy / Tapas Chakma, Gregor von Medeazza, Sanjay Singh and Pradeep Meshram -- Women’s voice in water resource management / K.A.S. Mani, Vallaperla Paul Raja Rao, Madhukar Reddy and Ch. Ram Babu -- Leadership and participation : role of gender / Sudhir Prasad, Satyabrata Acharya and Somnath Basu -- Case studies: sanitation -- Enabling gendered environment for watershed management / Eshwer Kale and Dipak Zade -- Women-led total sanitation : saving lives and dignity / Gregor von Medeazza, Megha Jain, Ajit Tiwari, Janardan Prasad Shukla and Nisheet Kumar -- Innovative approaches in communication / Ajit K. Saxena, Shailesh Mujumdar and Gregor von Medeazza -- Liberty from shame : accelerating sanitation with ASHAs / Amit Mehrotra and Ajay Singh -- Conclusion -- Conclusions and ways forward / Aidan Cronin, Anjal Prakash and Pradeep K. Mehta -- About the editors and contributors -- Index.
650 ## - SUBJECT ADDED ENTRY--TOPICAL TERM
Topical term or geographic name as entry element Water-supply, Rural
Geographic subdivision India
General subdivision Management
-- Citizen participation
-- Case studies.
650 ## - SUBJECT ADDED ENTRY--TOPICAL TERM
Topical term or geographic name as entry element Sanitation, Rural
Geographic subdivision India
General subdivision Citizen participation
-- Case studies.
650 ## - SUBJECT ADDED ENTRY--TOPICAL TERM
Topical term or geographic name as entry element Women in rural development
Geographic subdivision India
General subdivision Case studies.
700 ## - ADDED ENTRY--PERSONAL NAME
Personal name Cronin,Aidan A.
700 ## - ADDED ENTRY--PERSONAL NAME
Personal name Mehta, Pradeep Kumar,
700 ## - ADDED ENTRY--PERSONAL NAME
Personal name Anjal Prakash
942 ## - ADDED ENTRY ELEMENTS (KOHA)
Source of classification or shelving scheme Dewey Decimal Classification
Item type English Books
Call number suffix GEN
Classification part 363.610820954
Holdings
Withdrawn status Lost status Not for loan Collection code Home library Current library Date acquired Source of acquisition Cost, normal purchase price Full call number Barcode Copy number Cost, replacement price Koha item type
      Non-fiction D.B.Act.Division D.B.Act.Division 05/02/2015 DBAD/PUB 995.00 363.610820954 GEN EN-95632 1 995.00 English Books

© Delhi Public Library
Hit Counter
free hit counter